| 000 | 00598nam a2200145Ia 4500 | ||
|---|---|---|---|
| 008 | 140724s9999 xx 000 0 und d | ||
| 050 |
_aRT 86 _b.B277 2011 |
||
| 100 | _aBarro, Kendrick Thomas A. | ||
| 245 | 2 |
_aA correlational study between the CPR Score and APSA Score and the overall clinical performance of level IV nursing students of Southville International School and Colleges / _cKendrick Thomas A. Barro. |
|
| 260 |
_aLas PiƱas, Philippines : _bSouthville International School and Colleges, _cc2011. |
||
| 300 |
_a68 p. : _c28 cm. |
||
| 521 | _aNursing | ||
| 942 | _cTH | ||
| 999 |
_c228845 _d228845 |
||